コンテンツを見る

Учебно-методическое пособие для проведения практических занятий по дисциплине «Развитие теории и методики экономико-статистического анализа деятельности хозяйствующего субъекта» для аспирантов направления подготовки: 38.06.01 Экономика, профиль подготовки: 080012 «Бухгалтерский учет, статистика»

保存先:
書誌詳細
第一著者: Сидоренко О. В.
フォーマット: Книга
言語:Russian
出版事項: Орел ОрелГАУ 2016
オンライン・アクセス:https://e.lanbook.com/book/106979
https://e.lanbook.com/img/cover/book/106979.jpg
タグ: タグ追加
タグなし, このレコードへの初めてのタグを付けませんか!
LEADER 01374nam0a2200241 i 4500
001 106979
003 RuSpLAN
005 20221220174013.0
008 221220s2016 ru gs 000 0 rus
040 |a RuSpLAN 
041 0 |a rus 
044 |a ru 
080 |a 330.111.4.332 
084 |a 65.053  |2 rubbk 
245 0 0 |a Учебно-методическое пособие для проведения практических занятий по дисциплине «Развитие теории и методики экономико-статистического анализа деятельности хозяйствующего субъекта» для аспирантов направления подготовки: 38.06.01 Экономика, профиль подготовки: 080012 «Бухгалтерский учет, статистика»  |c Сидоренко О. В. 
260 |a Орел  |b ОрелГАУ  |c 2016 
300 |a 41 с. 
504 |a Библиогр.: доступна в карточке книги, на сайте ЭБС Лань 
521 8 |a Книга из коллекции ОрелГАУ - Экономика и менеджмент 
100 1 |a Сидоренко О. В. 
856 4 |u https://e.lanbook.com/book/106979 
856 4 8 |u https://e.lanbook.com/img/cover/book/106979.jpg 
953 |a https://e.lanbook.com/img/cover/book/106979.jpg